|
|
|
|
| LEADER |
00907naa a2200181 i 4500 |
| 001 |
acta61749 |
| 005 |
20260224081030.0 |
| 008 |
191028s2018 hu o 100 eng d |
| 040 |
|
|
|a SZTE Egyetemi Kiadványok Repozitórium
|b hun
|
| 041 |
|
|
|a eng
|
| 100 |
1 |
|
|a Mackey Michael C.
|
| 245 |
1 |
0 |
|a Understanding, treating and avoiding hematological disease
|h [elektronikus dokumentum] :
|b better medicine through mathematics? /
|c Mackey Michael C.
|
| 260 |
|
|
|c 2018
|
| 300 |
|
|
|a 2
|
| 490 |
0 |
|
|a Conference of PhD Students in Computer Science
|v 11
|
| 695 |
|
|
|a Matematikai modell - előadáskivonat, Orvostudomány - előadáskivonat, Hematológia - előadáskivonat, Differenciálegyenlet - késleltetett - előadáskivonat, Kemoterápia - előadáskivonat
|
| 710 |
|
|
|a Conference of PhD students in computer science (11.) (2018) (Szeged)
|
| 856 |
4 |
0 |
|u http://acta.bibl.u-szeged.hu/61749/1/cscs_2018_015.pdf
|z Dokumentum-elérés
|